LIBRARY & INFORMATION CENTRE, KCAET, TAVANUR

ONLINE PUBLIC ACCESS CATALOGUE (OPAC)

Prayukta Balatantram / (Record no. 10860)

MARC details
000 -LEADER
fixed length control field 00529cam a2200217ua 4500
041 ## - LANGUAGE CODE
Language code of text/sound track or separate title mal
082 ## - DEWEY DECIMAL CLASSIFICATION NUMBER
Classification number 620.1
Item number PRA/PA
100 ## - MAIN ENTRY--AUTHOR NAME
Personal name Paul, P U .
245 ## - TITLE STATEMENT
Title Prayukta Balatantram /
250 ## - EDITION STATEMENT
Edition statement 1 /
260 ## - PUBLICATION, DISTRIBUTION, ETC. (IMPRINT)
Place of publication Thiruvananthapuram :
Name of publisher State Instititute of Languages ,
Year of publication 1976.
300 ## - PHYSICAL DESCRIPTION
Number of Pages 434 ; .
942 ## - ADDED ENTRY ELEMENTS (KOHA)
Koha item type Books
Holdings
Withdrawn status Lost status Damaged status Home library Current library Date acquired Full call number Accession Number Koha item type Shelving location
      KAUAET KAUAET 07/04/2012 620.1 14199 Books  
      KAUAET KAUAET 07/04/2012 620.1 14197 Books  
      KAUAET KAUAET 07/04/2012 620.1 14198 Books Binding Shelf
Withdrawn     KAUAET KAUAET 07/04/2012 620.1 14200 Books  
Withdrawn     KAUAET KAUAET 17/11/2023 620.1 PRA/PA 14201 Books  
free website counter